000 00496nam a22001937a 4500
999 _c544
_d544
003 OSt
005 20190821165116.0
008 141021b xxu||||| |||| 00| 0 eng d
020 _a0805305343
040 _cDDC
082 _aQW 4 A18l 1997
100 _aAlcamo I.E.
_912860
245 _aLaboratory Fundamentals of Microbiology
260 _aCalifornia;
_bPearson,
_c1997
300 _axii, 301 p :
_bill ;
_c30 cm
504 _aincludes index
650 _aMicrobiology
_9749
942 _2z
_cSLOAN